Obras completas [de Guy de Maupassant] : cuentos /
Guardado en:
| Autor principal: | |
|---|---|
| Otros autores: | |
| Formato: | Libro |
| Idioma: | Español |
| Publicado: |
Madrid, España :
Aguilar,
1948
|
| Temas: | |
| Etiquetas: |
Sin etiquetas, Sé el primero en etiquetar este registro!
|
MARC
| LEADER | 00000nam^a2200000^a^4500 | ||
|---|---|---|---|
| 001 | 000096856 | ||
| 005 | 20250521000000.0 | ||
| 009 | 20260310092957.924 | ||
| 037 | |a Acervo ITESO - Biblioteca | ||
| 041 | |a ESP | ||
| 082 | |a 848. |b MAU V. 2 | ||
| 100 | |a Maupassant, Guy de |e (autor) | ||
| 240 | 1 | 1 | |a [Obras completas de Guy de Maupassant] |
| 245 | 1 | 0 | |a Obras completas [de Guy de Maupassant] : |b cuentos / |c G. de Maupassant ; pról. y tr. de L. Ruiz Contreras. |
| 264 | 1 | |a Madrid, España : |b Aguilar, |c 1948 | |
| 300 | |a 1599 p. | ||
| 336 | |a texto |b txt |2 rdacontenido | ||
| 337 | |a sin mediación |b n |2 rdamedio | ||
| 338 | |a volumen |b nc |2 rdasoporte | ||
| 545 | 0 | |a Guy de Maupassant (1850-1893), novelista y cuentista francés. Considerado como uno de los grandes maestros del relato breve de la literatura universal, discípulo de Gustave Flaubert, su narrativa ofrece un despiadado cuadro de la Francia del último cuarto del siglo XIX, a través de historias o cuadros de vida, de corte naturalista, atravesados por temas recurrentes: Normandía, los niños abandonados, amores infelices, la crueldad de la guerra, la indiferencia de la mayoría o la mediocridad de la vida burguesa. Es autor de las novelas Una vida (1883), Bel -Ami (1885), Los dos hermanos (1888), La mano izquierda (1889), Nuestro corazón (1890); entre sus volúmenes de cuentos destacan: Bola de sebo (1880), La casa Teiller (1881), Mademoiselle Fifí (1882), El miedo (1884), El Horla y otros cuentos fantásticos y La Vendetta y otros cuentos de horror. | |
| 649 | |a XX | ||
| 650 | |a Cuentos Franceses | ||
| 650 | |a Literatura Francesa - |y Siglo XIX | ||
| 650 | |a Literatura de Terror - |z Francia | ||
| 650 | |a Naturalismo en la Literatura - |z Francia | ||
| 700 | |a Ruiz Contreras, Luis |e (prólogo y traducción) | ||
| 910 | |a Fondo Jesús Rodríguez | ||
| 920 | |a Impresos - Libros | ||
| 930 | |a Fondos Especiales | ||
| 940 | |a Literatura | ||
| 905 | |a 113 | ||
| 901 | |a 0500031297 |b IT2 |c ESP |u 20250521 | ||
| 902 | |a https://opac.biblio.iteso.mx/vufind/Record/000096856 | ||